Entreprises les plus valorisées au monde - Statistiques

Statistiques générales
  • Ce quiz a été pris 242 fois
  • Le résultat moyen est 6 sur 15
Statistiques - réponses
Entreprise Valeur (en milliards de $) % Correct
Apple 2830
92%
Microsoft 3064
85%
Amazon 1972
82%
Tesla 548,44
76%
Google 2109
74%
Meta 1205
65%
Nvidia 2218
47%
Aramco 1927
15%
Visa 569,92
13%
Novo Nordisk 573,15
8%
TSMC 740,65
7%
Berkshire Hathaway 882,55
6%
Broadcom 605,07
5%
Eli Lilly 733,28
4%
JPMorgan Chase 567,15
1%
Aucun quiz correspondant
Distribution des résultats
% des personnes avec chaque résultat
Percentile par nombre de réponses
Votre historique - résultats
Vous n’avez pas pris ce quiz